[Event "FSIMB July"]
[Site "Budapest HUN"]
[Date "2007.07.09"]
[Round "3"]
[White "Werner,Di"]
[Black "Gauri,S"]
[Result "1/2-1/2"]
[WhiteElo "2348"]
[BlackElo "2177"]

1.d4 Nf6 2.c4 e6 3.g3 Bb4+ 4.Nd2 c5 5.Nf3 cxd4 6.Nxd4 Nc6 7.Nc2 Be7 8.Bg2 Qc7
9.O-O d6 10.b3 b6 11.Nd4 Bb7 12.Nb5 Qd8 13.Bb2 a6 14.Nc3 O-O 15.Nce4 Nxe4
16.Nxe4 f5  1/2-1/2

[Event "Zudov Mem A"]
[Site "Nizhnij Tagil RUS"]
[Date "2007.07.09"]
[Round "3"]
[White "Temirbayev,S"]
[Black "Maletin,P"]
[Result "1/2-1/2"]
[WhiteElo "2484"]
[BlackElo "2567"]

1.d4 Nf6 2.c4 e6 3.g3 Bb4+ 4.Bd2 c5 5.Bxb4 cxb4 6.Bg2 O-O 7.Nf3 d6 8.O-O Re8
9.a3 Nc6 10.axb4 Nxb4 11.Nc3 Bd7 12.e4 e5 13.h3 Qc8 14.Qb3 a5 15.Kh2 Be6
16.d5 Bd7 17.Nd2 Qc5 18.Rad1 a4 19.Qa3 b6 20.Ne2 Rab8 21.Rc1 Na6 22.Nc3 Rec8
23.Kg1 Ne8 24.Rfd1 g6 25.Bf1 f5 26.Nb5 Qxa3 27.bxa3 Nc5 28.f3 Kf7 29.Nc3 Nf6
30.Rb1 Ke7 31.Rb4 Kd8 32.Rdb1 Kc7 33.Nb5+ Bxb5 34.cxb5 fxe4 35.fxe4 Rf8 36.Be2 Rf7
37.Rf1 h5 38.Bd1 Rbf8 39.Bc2 h4 40.g4 Nh7 41.Rxf7+ Rxf7 42.Rc4 Ng5 43.Kg2 Kd7
44.Rc3 Rf4 45.Re3 Ke7 46.Bb1 Kd8 47.Bc2 Nb3 48.Nxb3 axb3 49.Rxb3 Nxe4 50.Rf3 Rxf3
51.Kxf3 Ng5+ 52.Kg2 e4 53.a4 Kc7 54.Bb1 Kd7 55.Bc2 Kc7  1/2-1/2

[Event "Lake Sevan"]
[Site "Martuni ARM"]
[Date "2007.07.14"]
[Round "9"]
[White "Vovk,Y"]
[Black "Melkumyan,H"]
[Result "1-0"]
[WhiteElo "2523"]
[BlackElo "2406"]

1.d4 Nf6 2.c4 e6 3.g3 Bb4+ 4.Bd2 Qe7 5.Bg2 O-O 6.e4 d5 7.e5 Ne4 8.Bxe4 dxe4
9.Qc2 Bd7 10.a3 Bxd2+ 11.Nxd2 f6 12.exf6 Qxf6 13.Nxe4 Qxd4 14.Ne2 Qe5 15.f4 Qf5
16.O-O-O Bc6 17.N2c3 Nd7 18.Rhe1 Rae8 19.Nb5 Bxb5 20.cxb5 Nb6 21.Nc5 Qxc2+
22.Kxc2 e5 23.Rxe5 Rxe5 24.fxe5 Nc4 25.Rd7 Rf2+ 26.Kc3 Nb6 27.e6 Kf8 28.Nxb7 Re2
29.Rf7+ Kg8 30.Nc5 h5 31.Rxc7 Nd5+ 32.Kd3 Rxb2 33.Rxa7 Kf8 34.Rf7+ Ke8 35.Ne4 Ne7
36.a4  1-0

[Event "22nd North Sea Cup"]
[Site "Esbjerg DEN"]
[Date "2007.07.18"]
[Round "8"]
[White "Bach,Mat"]
[Black "Ovsejevitsch,S"]
[Result "1/2-1/2"]
[WhiteElo "2301"]
[BlackElo "2568"]

1.d4 Nf6 2.c4 e6 3.g3 Bb4+ 4.Bd2 a5 5.Bg2 d5 6.Nf3 dxc4 7.O-O Nc6 8.Bc3 Nd5
9.e4 Nb6 10.Qe2 O-O 11.Nbd2 Bxc3 12.bxc3 Ne7 13.Nxc4 Nxc4 14.Qxc4 b6 15.Rfe1 Bb7
16.Qb5 Qe8 17.Qxe8 Rfxe8 18.Rab1 Rab8 19.Ne5 Red8 20.Rb2 Ba6 21.Bf1 Bxf1
22.Kxf1 f6 23.Nc4 Kf7 24.Reb1 Nc6 25.f4 Rd7 26.Ke2 Rbd8  1/2-1/2

[Event "Czech Open GMA"]
[Site "Pardubice CZE"]
[Date "2007.07.21"]
[Round "2"]
[White "Iskusnyh,S"]
[Black "Priborsky,I"]
[Result "1-0"]
[WhiteElo "2488"]
[BlackElo "2339"]

1.d4 Nf6 2.c4 e6 3.g3 Bb4+ 4.Bd2 Qe7 5.Nf3 Nc6 6.Nc3 O-O 7.Bg2 Bxc3 8.Bxc3 Ne4
9.Rc1 d6 10.d5 Nxc3 11.Rxc3 Nb8 12.O-O e5 13.Nd2 Bg4 14.b4 Nd7 15.Nb3 b6
16.c5 bxc5 17.bxc5 a5 18.Rc4 Bh5 19.g4 Bg6 20.Qd2 a4 21.cxd6 cxd6 22.Na5 Nb6
23.Nc6 Qc7 24.Rb4 Nd7 25.Rc1 Nc5 26.Nxe5 dxe5 27.Rbc4 Ra5 28.Qb4 Rc8 29.d6 Qa7
30.Bb7 Rd8 31.Rxc5 Rxc5 32.Rxc5 h6 33.Ra5 Qd4 34.Qxd4 exd4 35.Ra8 Rxa8 36.Bxa8 Kf8
37.a3 d3 38.exd3 Bxd3 39.Bc6 Bc2 40.f3 f6 41.Kf2 Kf7 42.Bd7 g5 43.Ke2 Bb3
44.Kd2 Kf8 45.Kd3 Bd1 46.Bc6 Kf7 47.Bd5+ Ke8 48.Kd2  1-0

[Event "XII Open"]
[Site "Balaguer ESP"]
[Date "2007.07.23"]
[Round "8"]
[White "Delchev,A"]
[Black "Guliev,L"]
[Result "1-0"]
[WhiteElo "2591"]
[BlackElo "2454"]

1.d4 Nf6 2.c4 e6 3.g3 Bb4+ 4.Bd2 c5 5.Bxb4 cxb4 6.Bg2 O-O 7.Nf3 d6 8.O-O Nc6
9.d5 exd5 10.cxd5 Ne7 11.Qd4 Nexd5 12.e4 Ne7 13.Qxb4 Nc6 14.Qa4 d5 15.exd5 Nxd5
16.Nbd2 Qf6 17.Qb5 Ndb4 18.Ne4 Qe7 19.Nc3 Be6 20.a3 a6 21.Qg5 f6 22.Qh4 Nd3
23.Nd4 Nxd4 24.Qxd4 Ne5 25.Nd5 Qf7 26.f4 Rad8 27.Rad1 Nc6 28.Qc5 Kh8 29.h3 Rfe8
30.Rfe1 Bxd5 31.Rxe8+ Qxe8 32.Rxd5 Rxd5 33.Qxd5 g6 34.Qd6 Kg7 35.Kf2 Qc8
36.g4 Nd8 37.Qe7+ Nf7 38.Qxb7 Qc5+ 39.Ke2 Qc2+ 40.Ke3 Qc1+ 41.Kd3 Kf8 42.Qb4+ Kg7
43.Qd2 Qc7 44.Bd5 Nd6 45.Qc3 Qd7 46.Qc6 Qd8 47.Qxa6 Ne8 48.Qb7+ Nc7 49.Kc2 Kh6
50.Bc4 Qd6 51.Qe4 Qc5 52.Kb1 Qd6 53.Ka2 Qd8 54.h4 Kg7 55.g5 h6 56.Qc6 fxg5
57.fxg5 Qe7 58.h5  1-0

[Event "IMA"]
[Site "Dimitrov RUS"]
[Date "2007.07.23"]
[Round "2"]
[White "Shefer,A"]
[Black "Paikidze,N"]
[Result "1/2-1/2"]
[WhiteElo "2075"]
[BlackElo "2230"]

1.d4 Nf6 2.c4 e6 3.g3 Bb4+ 4.Bd2 Be7 5.Bg2 d5 6.Nf3 c6 7.Qc2 O-O 8.O-O b6
9.Bc3 Nbd7 10.Nbd2 Ba6 11.Ne5 Nxe5 12.dxe5 Nd7 13.b3 b5 14.Rfd1 Qb6 15.e3 Rac8
16.a4 b4 17.Bd4 Qb8 18.f4 Bb7 19.Rdc1 a5 20.c5 Rfe8 21.Nf3 f6 22.Bh3 Nf8
23.Qb2 f5 24.Kh1 h5 25.Rg1 g6 26.Qc2 Ba6 27.Rg2 Kf7 28.Rf2 Nh7 29.Rg1 Rg8
30.Bg2 Qa7 31.h4 Nf8 32.Rc1 Nd7 33.Bh3 Rb8 34.Bg2 Rgc8 35.Rd2 Qc7 36.Bh3 Qd8
37.Bg2 Qf8 38.Bh3  1/2-1/2

[Event "ch-Gdansk"]
[Site "Gdansk POL"]
[Date "2007.07.23"]
[Round "3"]
[White "Khamitskiy,S"]
[Black "Rybak,T"]
[Result "1/2-1/2"]
[WhiteElo "2426"]
[BlackElo "2262"]

1.d4 Nf6 2.c4 e6 3.g3 Bb4+ 4.Nd2 c5 5.a3 Bxd2+ 6.Qxd2 cxd4 7.Nf3 O-O 8.Bg2 d5
9.cxd5 exd5 10.Nxd4 Nc6 11.O-O Qb6 12.Nxc6 bxc6 13.b4 Ne4 14.Qb2 a5 15.Be3 Qb5
16.Bd4 f6 17.f3 Nd6 18.Bc5 Nc4 19.Qc2 Re8 20.e4 dxe4 21.Rfe1 axb4 22.axb4 Rxa1
23.Rxa1 Ne5 24.Qxe4 Be6 25.Bf1 Qb8 26.Ra3 Bd5 27.Qf4 Nd7 28.Qxb8 Rxb8 29.Bd6 Re8
30.f4 Re6 31.Bc7 Re1 32.Kf2 Rb1 33.Bh3  1/2-1/2

[Event "MTO"]
[Site "Biel SUI"]
[Date "2007.07.25"]
[Round "3"]
[White "Raetsky,A"]
[Black "Gauri,S"]
[Result "1-0"]
[WhiteElo "2423"]
[BlackElo "2177"]

1.d4 Nf6 2.c4 e6 3.g3 Bb4+ 4.Nd2 c5 5.a3 Bxd2+ 6.Qxd2 cxd4 7.Nf3 d5 8.cxd5 Qxd5
9.Qxd4 Nc6 10.Qxd5 Nxd5 11.Bg2 b6 12.O-O Bb7 13.b4 f6 14.Bb2 e5 15.Rfd1 O-O-O
16.Ng5 fxg5 17.Bxd5 Nd4 18.Bxb7+ Kxb7 19.Kg2 g4 20.Rd3 Nxe2 21.Re3 Rd2 22.Bxe5 Rc8
23.Bxg7 Rcc2 24.Rf1 Rd7 25.Bf6 Rf7 26.Re6 Nc3 27.Bxc3 Rxc3 28.Re3 Rc2 29.Re4 h5
30.Re5 Rh7 31.Rfe1 Ra2 32.R5e3 Kc6 33.R1e2 Ra1 34.Rd2 Kb7 35.Re5 a6 36.Rd3 Rc1
37.Rdd5 Rc6 38.Rxh5 Rhc7 39.Rhg5 Rc2 40.Rxg4 Ra2 41.Rd3 Rcc2 42.Rf3 Kc6 43.h4 Rc1
44.Rg6+  1-0

[Event "ch-Gdansk"]
[Site "Gdansk POL"]
[Date "2007.07.25"]
[Round "5"]
[White "Khamitskiy,S"]
[Black "Lubczynski,R"]
[Result "1/2-1/2"]
[WhiteElo "2426"]
[BlackElo "2368"]

1.d4 Nf6 2.c4 e6 3.g3 Bb4+ 4.Nd2 c5 5.a3 Bxd2+ 6.Qxd2 cxd4 7.Nf3 Nc6 8.Nxd4 Qb6
9.Nb5 O-O 10.Qe3 d5 11.Qxb6 axb6 12.cxd5 Nb4 13.Rb1 Nc2+ 14.Kd1 exd5 15.Nd6 Rd8
16.Nxc8 Raxc8 17.Bg5 Ne4 18.Bxd8 Nxf2+ 19.Kd2 Ne4+ 20.Kd3 Nf2+ 21.Kd2 Ne4+  1/2-1/2

[Event "Open NK"]
[Site "Dieren NED"]
[Date "2007.07.27"]
[Round "4"]
[White "Bosboom,M"]
[Black "Vogel,Ja"]
[Result "1-0"]
[WhiteElo "2440"]
[BlackElo "2232"]

1.d4 e6 2.c4 Nf6 3.g3 Bb4+ 4.Bd2 Qe7 5.Bg2 Bxd2+ 6.Qxd2 d6 7.Nc3 Nbd7 8.Nf3 O-O
9.Rc1 c6 10.O-O Re8 11.Rfd1 Nf8 12.b4 e5 13.dxe5 dxe5 14.Qd6 e4 15.Qxe7 Rxe7
16.Nd4 Bd7 17.Nb3 Rae8 18.Na5 Bf5 19.c5 e3 20.f3 Be6 21.f4 h5 22.Rd4 Bc8
23.Nc4 Ne6 24.Rd3 Nc7 25.Nd6 Rf8 26.a4 a6 27.Rb1 g6 28.b5 axb5 29.axb5 cxb5
30.Ncxb5 Nxb5 31.Rxb5 Bg4 32.Rxb7 Ra8 33.h3 Ra1+ 34.Kh2 Rxb7 35.Bxb7 Bxe2
36.Rxe3 Ra2 37.Kg1  1-0

[Event "MTO"]
[Site "Biel SUI"]
[Date "2007.07.30"]
[Round "7"]
[White "Raetsky,A"]
[Black "Meier,Geo"]
[Result "1/2-1/2"]
[WhiteElo "2423"]
[BlackElo "2546"]

1.d4 Nf6 2.c4 e6 3.g3 Bb4+ 4.Nd2 d5 5.Bg2 O-O 6.Qc2 b6 7.Nf3 Bb7 8.O-O Nbd7
9.cxd5 exd5 10.a3 Bd6 11.b4 Re8 12.Re1 c5 13.bxc5 bxc5 14.dxc5 Rc8 15.c6 Rxc6
16.Qa2 Nc5 17.Bb2 Na4 18.Bd4 Ba6 19.Bxf6 Qxf6 20.Qxd5 Bf8 21.Qd4 Nc3 22.Qxf6 Rxf6
23.e3 Rb8 24.Bf1 Rb2 25.Rac1 Bxf1 26.Kxf1 Nd5 27.Rc8 g6 28.Nc4 Rc2 29.Nfd2 Kg7
30.Rd8 Nc3 31.Kg2 Bc5 32.g4 Re6 33.Rd7 Ne4 34.h3 Bxa3 35.Nxa3 Rxd2  1/2-1/2

[Event "Open Women Bulgarian Ch"]
[Site "Vratsa BUL"]
[Date "2007.07.30"]
[Round "8"]
[White "Dragomirescu,An"]
[Black "Danova,T"]
[Result "1-0"]
[WhiteElo "2227"]
[BlackElo "2135"]

1.c4 Nf6 2.g3 e6 3.d4 Bb4+ 4.Bd2 Bxd2+ 5.Qxd2 d6 6.Nc3 Nbd7 7.Bg2 O-O 8.Nf3 e5
9.O-O c6 10.e4 Qe7 11.Rad1 Nb6 12.b3 Bg4 13.h3 Bxf3 14.Bxf3 Rad8 15.Bg2 c5
16.d5 Nh5 17.Bf3 Nf6 18.Rde1 Nbd7 19.Bd1 g6 20.f4 Ne8 21.f5 f6 22.h4 Qg7
23.Kg2 h6 24.Bg4 h5 25.Be2 Kf7 26.Nd1 Rh8 27.Qa5 Ra8 28.Rh1 g5 29.hxg5 Qxg5
30.Rh4 b6 31.Qc3 Ng7 32.Reh1 Rag8 33.Qe3 Rh6 34.Qd3 Rhh8 35.Nf2 Nf8 36.Nh3 Qh6
37.Ng1 Qc1 38.Bxh5+ Rxh5 39.Rxh5 Nxh5 40.Rxh5 Qb2+ 41.Qe2 Qc3 42.Nf3 Rg4
43.Nxe5+ Qxe5 44.Qxg4 Qb2+ 45.Kh3 Qf2 46.Qf4 Qxa2 47.Qxd6 Qb1 48.Qf4 Qxb3
49.Qf1 a5 50.Rh4 a4 51.Rf4 Nh7 52.Kg4 Ng5 53.Qe2 a3 54.Rf2 b5 55.e5  1-0

[Event "HZ Open"]
[Site "Vlissingen NED"]
[Date "2007.08.05"]
[Round "3"]
[White "Piceu,T"]
[Black "Gryson,W"]
[Result "1-0"]
[WhiteElo "2350"]
[BlackElo "2030"]

1.d4 Nf6 2.c4 e6 3.g3 Bb4+ 4.Nd2 c5 5.Nf3 cxd4 6.a3 Be7 7.Nxd4 Nc6 8.N2f3 Ne4
9.Bg2 Qa5+ 10.Kf1 O-O 11.Be3 Qh5 12.h4 d5 13.Nxc6 bxc6 14.Nd4 Bb7 15.Bf3 Qg6
16.h5 Qf6 17.Bxe4 dxe4 18.Qc2 Bd6 19.Kg2 c5 20.Nb3 Qf5 21.h6 g6 22.Rad1 Rfd8
23.Rd2 Be7 24.Rhd1 Rxd2 25.Qxd2 Bc6 26.Qa5 e5 27.Nxc5 Rc8 28.Rd2 Ba8 29.Qxa7 Bxc5
30.Qxc5 Bc6 31.Qxc6  1-0

[Event "RC Sport Open"]
[Site "Ceska Trebova CZE"]
[Date "2007.08.12"]
[Round "4"]
[White "Haba,P"]
[Black "Mojzis,Jar"]
[Result "1-0"]
[WhiteElo "2526"]
[BlackElo "2190"]

1.d4 Nf6 2.c4 e6 3.g3 Bb4+ 4.Nd2 c5 5.a3 Bxd2+ 6.Qxd2 cxd4 7.Nf3 b6 8.Bg2 Bb7
9.O-O Nc6 10.b4 O-O 11.Bb2 Qc7 12.Nxd4 Nxd4 13.Qxd4 Bxg2 14.Kxg2 Rfe8 15.e4 e5
16.Qd3 Re6 17.Rfc1 Rc6 18.b5 Re6 19.a4 a5 20.Ba3 d6 21.Rd1 Rd8 22.Rac1 Rd7
23.f3 h6 24.Rd2 Kf8 25.Rcd1 Ke8 26.Qb3 Kd8 27.Rd3 Kc8 28.R1d2 Kb7 29.Qd1 Ne8
30.Rd5 g6 31.c5 bxc5 32.Rxc5 Qb6 33.Rc6 Qd8 34.Bc5 f5 35.Rb6+ Qxb6 36.Bxb6 Kxb6
37.Rc2 Rc7 38.Qc1 Rc5 39.Rxc5 dxc5 40.Qxh6 fxe4 41.fxe4 Nd6 42.h4 Nf7 43.Qf8 Nd6
44.Qd8+  1-0

[Event "Independence Cup A"]
[Site "Kyiv UKR"]
[Date "2007.08.13"]
[Round "1"]
[White "Brozhik,V"]
[Black "Nyzhnyk,I"]
[Result "0-1"]
[WhiteElo "2164"]
[BlackElo "2341"]

1.d4 Nf6 2.c4 e6 3.g3 Bb4+ 4.Bd2 Bxd2+ 5.Qxd2 O-O 6.Nc3 d6 7.Bg2 Qe7 8.e4 e5
9.d5 c6 10.Nge2 cxd5 11.Nxd5 Nxd5 12.cxd5 Bd7 13.Nc3 b5 14.a3 a5 15.O-O Na6
16.Na2 Nc5 17.Qe3 a4 18.Rac1 Rae8 19.Nb4 f5 20.exf5 Bxf5 21.Rc3 Bg4 22.Nc6 Qf6
23.h3 Bd7 24.Qe2 e4 25.Qxb5 Nd3 26.Rc2 Qg6 27.Kh2 Qh5 28.Qc4 Kh8 29.Qd4 Rf3
30.Rd2 Bxh3 31.Bxh3 Nf4  0-1

[Event "Acropolis Open"]
[Site "Athens GRE"]
[Date "2007.08.14"]
[Round "1"]
[White "Grapsa,G"]
[Black "Khetsuriani,B"]
[Result "0-1"]
[WhiteElo "2076"]
[BlackElo "2367"]

1.d4 e6 2.c4 Nf6 3.g3 Bb4+ 4.Bd2 Qe7 5.Bg2 Bxd2+ 6.Qxd2 O-O 7.Nf3 d6 8.O-O e5
9.Nc3 c6 10.e4 Re8 11.h3 Nbd7 12.Rfe1 a6 13.a4 a5 14.Rad1 Nf8 15.d5 cxd5
16.cxd5 N8d7 17.Nh4 g6 18.f4 Nc5 19.Qf2 Nfd7 20.Nf3 b6 21.Nb5 Rf8 22.g4 Nxa4
23.g5 Ba6 24.Nc7 Ra7 25.Nxa6 Rxa6 26.f5 f6 27.Bf1 Ra7 28.Bb5 Nac5 29.Qh4 gxf5
30.Kh1 fxe4 31.Rg1 f5 32.Qh6 Qg7 33.Nh4 Qxh6 34.gxh6+ Kh8 35.Rg7 f4 36.Rdg1 f3
37.Nf5 f2 38.R1g3 Raa8 39.Nxd6 f1=Q+ 40.Bxf1 Rxf1+ 41.Kh2 Raf8 42.h4 R1f6
43.Nc4 Rxh6 44.d6 Rxh4+ 45.Kg2 Rh6 46.Ne3 Rxd6 47.Nf5 Rg6  0-1

[Event "RC Sport Open"]
[Site "Ceska Trebova CZE"]
[Date "2007.08.14"]
[Round "6"]
[White "Haba,P"]
[Black "Molnar,P SVK"]
[Result "1-0"]
[WhiteElo "2526"]
[BlackElo "2278"]

1.d4 Nf6 2.c4 e6 3.g3 Bb4+ 4.Nd2 c5 5.a3 Bxd2+ 6.Qxd2 cxd4 7.Nf3 Nc6 8.Nxd4 d5
9.Bg2 O-O 10.O-O Re8 11.Rd1 Qb6 12.Nxc6 bxc6 13.Qc2 Ba6 14.Be3 Qb7 15.b3 Rab8
16.Rab1 h6 17.Bc5 Rbd8 18.a4 Qc7 19.Ba3 d4 20.b4 e5 21.b5 cxb5 22.axb5 Bb7
23.Bxb7 Qxb7 24.Bb4 Rc8 25.Qb3 Ne4 26.f3 Nc5 27.Bxc5 Rxc5 28.Ra1 Rec8 29.Ra4 a6
30.b6 R8c6 31.Rb1 a5 32.Rb2 g6 33.Ra1 Kh7 34.Qa3 Rxb6 35.Qxc5 Rxb2 36.Qxe5 Rb1+
37.Rxb1 Qxb1+ 38.Kf2 a4 39.Qe8 Qb3 40.Qxf7+ Kh8 41.Qe8+ Kg7 42.Qd7+  1-0

[Event "Independence Cup A"]
[Site "Kyiv UKR"]
[Date "2007.08.16"]
[Round "4"]
[White "Grinev,V"]
[Black "Kruglyakov,P"]
[Result "1-0"]
[WhiteElo "2242"]
[BlackElo "2336"]

1.d4 Nf6 2.c4 e6 3.g3 Bb4+ 4.Bd2 Qe7 5.Bg2 Nc6 6.Nf3 Bxd2+ 7.Nbxd2 d6 8.e4 a5
9.O-O e5 10.d5 Nb8 11.Ne1 O-O 12.Nd3 Na6 13.f4 Nd7 14.f5 f6 15.a3 Nac5 16.Nxc5 Nxc5
17.b4 Na6 18.Qb3 Bd7 19.Rfc1 Kh8 20.Qc3 c6 21.dxc6 bxc6 22.Nf1 Rfb8 23.Ne3 Ra7
24.c5 dxc5 25.bxc5 Rb5 26.Bf1 Rxc5 27.Qb3 h6 28.Qb6 Bc8 29.Rd1 Kh7 30.Bc4 Rxc4
31.Nxc4 Qc5+ 32.Qxc5 Nxc5 33.Rd8 Ba6 34.Nxa5 Bb5 35.Rc1 Nxe4 36.Nc4 Ra4 37.Nb6 Rxa3
38.Nd7 Rd3 39.Nf8+ Kg8 40.Ra8 g5 41.fxg6 Kg7 42.Rca1 f5 43.R8a7+ Kg8 44.Ne6  1-0

[Event "New England Masters"]
[Site "Peabody USA"]
[Date "2007.08.17"]
[Round "9"]
[White "Haessel,D"]
[Black "Vicary,E"]
[Result "0-1"]
[WhiteElo "2136"]
[BlackElo "2148"]

1.d4 Nf6 2.c4 e6 3.g3 Bb4+ 4.Bd2 Qe7 5.Bg2 Nc6 6.Nf3 Bxd2+ 7.Qxd2 Ne4 8.Qc2 Qb4+
9.Kf1 d5 10.b3 O-O 11.a3 Qd6 12.Nc3 f5 13.e3 a6 14.h4 Bd7 15.Kg1 Rf6 16.Kh2 Be8
17.Rhf1 Bh5 18.Nd2 Ne7 19.c5 Qd8 20.f3 Nxc3 21.Qxc3 Rh6 22.b4 Be8 23.a4 g5
24.Bh3 gxh4 25.g4 fxg4 26.Bxg4 Kh8 27.e4 Bh5 28.Qe3 Ng8 29.Rg1 Bxg4 30.Rxg4 Rg6
31.Rag1 Qf6 32.Rf4 Qg7 33.Rxh4 Nf6 34.e5 Rg8 35.Rxg6 Qxg6 36.Qf2 Nh5 37.Rg4 Qh6
38.Rxg8+ Kxg8 39.Kg1 Nf4 40.Qg3+ Kf7 41.Kf2 Nh5  0-1

[Event "Independence Cup A"]
[Site "Kyiv UKR"]
[Date "2007.08.18"]
[Round "6"]
[White "Zontakh,A"]
[Black "Nyzhnyk,I"]
[Result "1-0"]
[WhiteElo "2545"]
[BlackElo "2341"]

1.d4 Nf6 2.c4 e6 3.g3 Bb4+ 4.Bd2 c5 5.Bxb4 cxb4 6.Bg2 O-O 7.Nf3 Qe7 8.O-O a5
9.c5 Na6 10.Nbd2 b6 11.cxb6 d5 12.Ne5 Qd6 13.Ndc4 Qd8 14.Nc6 Qe8 15.N4xa5 Nb8
16.Rc1 Bd7 17.Na7 Qd8 18.Rc7 Na6 19.Rb7 Rxa7 20.Rxa7 Qxb6 21.Rxd7 Nxd7 22.Nb3 Nc7
23.e3 Ra8 24.Nc1 Qa5 25.Qc2 Nb5 26.Nd3 Nb6 27.Qc5 Na4 28.Qxb4 Qxb4 29.Nxb4 Rb8
30.Nd3 Nd6 31.Rc1 Nxb2 32.Rb1 Ndc4 33.Nxb2 Kf8 34.a4 Nd2 35.Ra1 Rxb2 36.Bf1 Nb3
37.Ra3 Rb1 38.Kg2 Na5 39.Rc3 Rb4 40.Rc8+ Ke7 41.Rc7+ Kf8 42.Bb5 Nc4 43.Rc8+ Ke7
44.g4 Nb6 45.Rc7+ Kf8 46.Ra7 Rb2 47.h4 Nc4 48.Kg1 Rb1+ 49.Kg2 Rb2 50.Bxc4 dxc4
51.Rc7 Rb4 52.a5 Ra4 53.a6 Rxa6 54.Rxc4 Ra7 55.Rc5 Ke7 56.f4 Kd6 57.Kf3 h6
58.Rc8 Ke7 59.h5 Kf6 60.Rc6 Ke7 61.Ke4 Ra5 62.Rc5 Ra3 63.Rc7+ Kf8 64.f5 Ra5
65.Rc5  1-0

[Event "Lady and Chess"]
[Site "Panevezys LTU"]
[Date "2007.08.23"]
[Round "5"]
[White "Sharevich,A"]
[Black "Warakomska,A"]
[Result "1-0"]
[WhiteElo "2305"]
[BlackElo "2135"]

1.d4 Nf6 2.c4 e6 3.g3 Bb4+ 4.Bd2 a5 5.Bg2 d6 6.a3 Bxd2+ 7.Qxd2 O-O 8.Nc3 Nbd7
9.Nf3 e5 10.O-O exd4 11.Nxd4 a4 12.e4 Nc5 13.Qc2 Nfd7 14.h3 Ne5 15.Nd5 Ne6
16.Nf5 Nc6 17.Qc3 f6 18.Rad1 Nc5 19.f4 Re8 20.Rfe1 Be6 21.g4 Qd7 22.Ng3 Qf7
23.Nh5 Kh8 24.Ng3 Rad8 25.Rf1 Qd7 26.Kh2 Kg8 27.Rf2 Bf7 28.Re1 Rb8 29.Nf5 Be6
30.Rfe2 Qf7 31.Re3 Kh8 32.Rg3 Rg8 33.g5 Bxf5 34.exf5 fxg5 35.Rxg5 Rbe8 36.Rxe8 Rxe8
37.f6 g6 38.Nxc7 Ne4 39.Bxe4 Rxe4 40.Nd5 Nd4 41.Rg2 Ne6 42.Qc2 Nc5 43.Qc3 Ne6
44.Qc2 Nc5 45.Re2 Qe6 46.Rxe4 Qxe4 47.Qxe4 Nxe4 48.Kg2 Kg8 49.Nb6 Nc5 50.Kf3 Kf7
51.Nc8 Kxf6 52.Nxd6 Ke6 53.Nb5 Nd3 54.b3 Nb2 55.bxa4 Nxc4 56.Kg4 Kf6 57.Kf3 Kf5
58.Nd4+ Kf6 59.Ke4 Nb6 60.a5 Nc4 61.Kd5 Nxa3 62.h4 h6 63.Kc5 Ke7 64.Nb5 Nc2
65.Nd6 Ne1 66.Nxb7 Nd3+ 67.Kc6 Kf6 68.Kb5 Nxf4 69.a6 Nd5 70.a7 Nc7+ 71.Kc6 Ne8
72.Nc5 Ke7 73.Kb7 Kd8 74.Ne6+ Kd7 75.Nf8+ Kd6 76.Nxg6 Nc7 77.Nf4 Kd7 78.h5 Kd6
79.Nd5  1-0

[Event "Dato Arthur Tan Malaysian Op"]
[Site "Kuala Lumpur MAS"]
[Date "2007.08.26"]
[Round "11"]
[White "Tirto"]
[Black "Bancod,Ron"]
[Result "0-1"]
[WhiteElo "2418"]
[BlackElo "2373"]

1.d4 Nf6 2.c4 e6 3.g3 Bb4+ 4.Bd2 Qe7 5.Bg2 Nc6 6.Nf3 Bxd2+ 7.Nbxd2 d6 8.O-O O-O
9.e3 a5 10.Qc2 e5 11.d5 Nb4 12.Qb1 a4 13.Ne1 Re8 14.e4 Nd7 15.Qc1 c5 16.Qc3 Nf8
17.a3 Na6 18.b4 axb3 19.Qxb3 Bd7 20.Nd3 Reb8 21.a4 Qd8 22.Rfb1 Qa5 23.Ra2 b6
24.Bf3 Ng6 25.Rbb2 Ne7 26.Bd1 f5 27.f3 fxe4 28.fxe4 Rb7 29.Nb1 Rf8 30.Kg2 Nc7
31.Nc3 Ne8 32.Nb5 Nc8 33.Qc3 Ra7 34.Qxa5 Rxa5 35.h3 Nf6 36.Bf3 Bxb5 37.axb5 Rf7
38.Rxa5 bxa5 39.Ra2 Ra7 40.Kf2 Nb6 41.Nb2 g5 42.Ke3 Kg7 43.Be2 Kg6 44.Kd3 h5
45.Bf1 h4 46.gxh4 gxh4 47.Nd1 Nh5 48.Ne3 Ng3 49.Be2 Kg5 50.Bg4 a4 51.Be6 Ra8
52.Nf5 Nxf5 53.exf5 Kf4 54.f6 e4+ 55.Kc3 Ke5 56.f7 Kf6 57.Re2 a3 58.Rxe4 a2
59.Re1 Ke7 60.Ra1 Ra3+ 61.Kd2 Nxc4+ 62.Ke2 Nb6 63.Kd2 c4 64.Kc2 Na4 65.Rf1 Kf8
66.Ra1 Rg3 67.Kd2 Nc5 68.Kc2 Na4 69.Kd2 Rg2+ 70.Ke3 c3 71.Kd3 c2 72.Rc1 Rg3+
73.Kd2 Nc5 74.Kxc2 Nb3 75.Rf1 a1=Q 76.Rxa1 Nxa1+ 77.Kb2 Nb3 78.Ka3 Nc5+ 79.Kb4 Rb3+
80.Ka5 Nxe6 81.dxe6 d5 82.Kb6 Rc3 83.Ka5 d4 84.Kb4 Rc1 85.b6 d3 86.b7 Rb1+
87.Kc3 Rxb7 88.Kxd3 Rb6  0-1

[Event "2nd Women's"]
[Site "Baku AZE"]
[Date "2007.09.06"]
[Round "3"]
[White "Stefanova,A"]
[Black "Javakhishvili,L"]
[Result "1/2-1/2"]
[WhiteElo "2481"]
[BlackElo "2460"]

1.d4 Nf6 2.c4 e6 3.g3 Bb4+ 4.Bd2 Be7 5.Bg2 d5 6.Nf3 c6 7.Qb3 b6 8.Nc3 O-O
9.Rc1 Bb7 10.O-O Nbd7 11.cxd5 cxd5 12.a4 Ne8 13.Rfd1 Rc8 14.Bf4 Nb8 15.Ne5 Nc6
16.Nb5 Na5 17.Qd3 a6 18.Na3 f6 19.Nf3 Nd6 20.Nd2 Qd7 21.b3 Nf7 22.Ndb1 Nc6
23.Nc2 Rfe8 24.Bd2 e5 25.b4 exd4 26.Qb3 Rcd8 27.b5 axb5 28.axb5 Na7 29.Nxd4 Bc5
30.Be3 Bxd4 31.Bxd4 Qxb5 32.Qxb5 Nxb5 33.Bxb6 Rc8 34.Rxc8 Rxc8 35.h3 Nbd6
36.Nd2 Ne4 37.Nf3 Nfd6 38.Bd4 Nb5 39.Bf1 Rc2 40.Be3 Nbc3 41.Re1 Ba6 42.Nd4 Ra2
43.Kg2 Nd2 44.Rc1 Nc4 45.Re1 Nd6 46.Kg1 Kf7 47.h4 Nde4  1/2-1/2

[Event "Vados IM"]
[Site "Arad ROM"]
[Date "2007.09.21"]
[Round "2"]
[White "Filip,L"]
[Black "Yachou,N"]
[Result "1-0"]
[WhiteElo "2400"]
[BlackElo "1992"]

1.d4 Nf6 2.c4 e6 3.g3 Bb4+ 4.Bd2 Qe7 5.Bg2 d5 6.Nf3 Nc6 7.O-O Bxd2 8.Nbxd2 O-O
9.Rc1 Rd8 10.Qc2 a5 11.Rfd1 Nb4 12.Qb1 c6 13.a3 Na6 14.e4 dxe4 15.Nxe4 Nxe4
16.Qxe4 Nc7 17.h4 Ne8 18.Ne5 Nf6 19.Qe3 Bd7 20.c5 Be8 21.Nc4 Qc7 22.Nb6 Ra7
23.f4 Nd7 24.Qb3 Nf6 25.Rc3 Nd5 26.Bxd5 exd5 27.Re3 f6 28.Rde1 Kf8 29.Qd3 Bg6
30.f5 Bh5 31.Kg2 Bg4 32.Re7 Qxe7 33.Rxe7 Kxe7 34.Qe3+ Kf8 35.Qe6 Raa8 36.Nxa8 Rxa8
37.Qd7 Re8 38.Qxb7 Re2+ 39.Kf1 Rd2 40.Qc8+ Kf7 41.Qd7+ Kf8 42.Qxc6 Rxd4 43.Qc8+ Kf7
44.c6 Rd1+ 45.Kf2 d4 46.Qc7+ Ke8 47.Qd7+ Kf8 48.Qd8+ Kf7 49.Qxa5 Ke7 50.Qb4+ Kd8
51.Qf8+ Kc7 52.Qxg7+  1-0

[Event "IRT Salomao Rovedo"]
[Site "Rio de Janeiro BRA"]
[Date "2007.09.29"]
[Round "6"]
[White "Maia,Marc"]
[Black "Rocha,Joa"]
[Result "1/2-1/2"]
[WhiteElo "2140"]
[BlackElo "2005"]

1.d4 Nf6 2.c4 e6 3.g3 Bb4+ 4.Bd2 Be7 5.Bg2 d5 6.Nf3 O-O 7.O-O b6 8.cxd5 exd5
9.Nc3 Bb7 10.Rc1 Nbd7 11.Qb3 c5 12.Rfd1 c4 13.Qc2 Rc8 14.Bh3 a6 15.a4 Ra8
16.Be3 Bb4 17.Ne5 Be7 18.Nxd7 Nxd7 19.Qf5 Nf6 20.Bg2 Bc8 21.Qc2 Be6 22.Bg5 Rc8
23.e4 Nxe4 24.Bxe7 Qxe7 25.Nxe4 Bf5 26.Re1 dxe4 27.Bxe4 Bxe4 28.Rxe4 Qd7
29.Rh4 f5 30.d5 b5 31.Rd4 Qd6 32.Qd2 Rcd8 33.axb5 axb5 34.Re1 Rde8 35.Re3 Rxe3
36.Qxe3 Rd8 37.b3 Rc8 38.bxc4 Rxc4 39.Rxc4 bxc4 40.Qe8+ Qf8 41.Qe6+ Qf7 42.Qc8+ Qf8
43.Qxc4 Qf7 44.Qc8+ Qf8 45.Qc6 Qe7 46.Qc8+ Qf8 47.Qd7 Qf7 48.Qc8+ Qf8 49.Qc4 Qd6
50.Qc6 Qe5 51.d6 Kf7 52.Qc7+ Kf6 53.Qd8+ Kf7 54.Qd7+ Kf6 55.Qd8+ Kf7 56.Qd7+ Kf6
57.Qd8+ Kf7 58.Qd7+ Kf6 59.Qc6 Qe6 60.Kg2 Qe4+ 61.Qxe4 fxe4 62.d7 Ke7 63.d8=Q+ Kxd8
64.h4 Ke7 65.f3 exf3+ 66.Kxf3 h5 67.Kf4 Kf6 68.g4 hxg4 69.Kxg4 Kg6 70.Kf4 Kf6
71.h5  1/2-1/2

[Event "Open"]
[Site "Nelson NZL"]
[Date "2007.10.06"]
[Round "7"]
[White "Johnson,Q"]
[Black "Solomon,SJ"]
[Result "1/2-1/2"]
[WhiteElo "2145"]
[BlackElo "2465"]

1.d4 Nf6 2.c4 e6 3.g3 Bb4+ 4.Bd2 Qe7 5.Nf3 Nc6 6.Bg2 Bxd2+ 7.Qxd2 Ne4 8.Qc2 Qb4+
9.Nbd2 Nxd2 10.Qxd2 Qxc4 11.O-O Qb4 12.Rfd1 Qxd2 13.Rxd2 d5 14.Rc1 Bd7 15.b4 a6
16.e3 Ke7 17.Ne1 Rhc8 18.Nd3 a5 19.b5 Nb4 20.Nc5 Bxb5 21.Nxb7 Ra7 22.Nc5 Kd6
23.Bf1 Rb8 24.Bxb5 Rxb5 25.Rb2 c6 26.Rcb1 Nxa2 27.Rxb5 cxb5 28.Rxb5 a4 29.Rb2 Nc3
30.Rc2 a3 31.Rxc3 a2 32.Nb3 Rb7 33.Rc2 Rxb3 34.Rxa2 Ke7 35.Kg2 g5 36.g4 Kf6
37.Ra7 Kg6 38.Re7 Rb1 39.Rd7 h6 40.h3 Rb8 41.Re7 h5 42.Kg3 h4+ 43.Kf3 Rb6
44.Re8 f6 45.Rd8 Rb1 46.Rd6 Kf7 47.Rd7+ Ke8 48.Rg7 Rg1 49.Rh7 Kf8 50.Rd7 Ke8
51.Rg7 Rh1 52.Kg2 Rc1 53.Ra7 Rc6 54.Kf3 Rd6 55.Rh7 Rd7 56.Rh8+ Ke7 57.Ra8 e5
58.dxe5 fxe5 59.Ra5 Ke6 60.Ke2 Rd6 61.Ra8 Rb6 62.Re8+ Kd6 63.Rd8+ Kc5 64.Rc8+ Kd6
65.Rd8+ Kc6 66.Rc8+ Kd6 67.Rd8+ Ke6 68.Re8+ Kf6 69.Rf8+ Kg6 70.Rg8+ Kh6 71.Rh8+ Kg7
72.Re8 Rb2+ 73.Kf3 Kf6 74.Rd8 Ke6 75.Re8+ Kd6 76.Rd8+ Kc5 77.Re8 e4+ 78.Kg2 Kc4
79.Rc8+ Kd3 80.Rc5 d4 81.Rd5 Ke2 82.Rxd4 Ke1 83.Rxe4 Rxf2+ 84.Kg1 Ra2 85.Re5 Ke2
86.Rxg5 Kf3 87.Rf5+ Kg3 88.g5 Kxh3 89.Rf2 Ra1+ 90.Rf1 Ra5 91.Rf3+ Kg4 92.Rf4+ Kg3
93.g6 h3 94.Rf1 Rg5 95.Kh1 h2 96.Rf6 Rg4 97.e4 Rxe4 98.Rf1 Rg4 99.Ra1 Kf2
100.Ra2+ Kf1 101.Ra1+ Kf2  1/2-1/2

[Event "Open"]
[Site "Nelson NZL"]
[Date "2007.10.06"]
[Round "8"]
[White "Johnson,Q"]
[Black "Johansen,D"]
[Result "0-1"]
[WhiteElo "2145"]
[BlackElo "2446"]

1.d4 Nf6 2.c4 e6 3.g3 Bb4+ 4.Bd2 Qe7 5.Bg2 Nc6 6.Nf3 Bxd2+ 7.Nbxd2 d6 8.O-O a5
9.e4 e5 10.d5 Nb8 11.Qa4+ Bd7 12.Qa3 b6 13.Rab1 Na6 14.b4 axb4 15.Rxb4 O-O
16.Rb2 Nc5 17.Qe3 Ra4 18.Rc1 Rfa8 19.Rcc2 Ra3 20.Qe2 Ba4 21.Ne1 Bxc2 22.Nxc2 Rxa2
23.Rxa2 Rxa2 24.Nb4 Ra1+ 25.Bf1 Qe8 26.Nc6 Kf8 27.h3 Ra2 28.Qe3 Qa8 29.f4 Qa3
30.Qxa3 Rxa3 31.fxe5 dxe5 32.Nxe5 Rxg3+ 33.Bg2 Nfxe4 34.Nxe4 Nxe4 35.Kh2 Re3  0-1